00892nam a2200241 i 450000100060000000300090000600500170001500700030003200800410003510000200007624501950009625000120029126000530030330000320035649000370038850000590042570000240048470000300050870000370053870000170057583000370059285200210062991355ES-MaACL20250904234818.0t|050128s1982 sp ||||1| spa d1 aLevi, Virgilio.10aDe un país lejano b: Juan Pablo II / cguión de A. Kijowski y J.J. Szczepanski ; texto literario de Virgilio Levi ; [la traducción por Luis León de la Barga y Miguel Angel Velasco]. a2ª ed. a[Madrid : bEdit. Católica Española, c1982] a167 p., 8 lám. ; c18 cm.1 aBiblioteca de autores cristianos aPrecede al tít.: La película de Krzysztof Zanussi.1 aSzcezepanski, J. J.1 aLeón de la Barga, Luis.1 aVelasco, Miguel Ángel, d1939-1 aKijowski, A.00aBiblioteca de autores cristianos aES-MaACLjL-2368